000 00674nam a2200265Ia 4500
005 20260302113940.0
008 008 260114s9999 xx 000 0 eng d
020 _a9781350490765
037 _aTextbook
040 _aCRL
040 _beng
040 _cCRL
041 _2eng
041 _aeng
084 _qCRL
100 _aMark Sebba
_91117299
245 0 _aContact Languages Pidgins and Creoles
260 _bBloomsbury
260 _bBloomsbury Academic
260 _c1997
650 _aLinguistics
856 _uhttps://doi.org/10.1007/978-1-349-25587-0?locatt=label:secondary_bloomsburyCollections
942 _cEBOOK
999 _c1680806
_d1680806